| 000 | 00359nam a2200145Ia 4500 | ||
|---|---|---|---|
| 008 | 150301s2009 xx 000 0 und d | ||
| 082 |
_a616.0707 _bO2009T |
||
| 100 | _aTEGGINAMANI ,ANAND.S. | ||
| 245 | _aORAL PATHOLOGY | ||
| 250 | _a1ST | ||
| 260 |
_bA.I.T.B.S.PUBLISHERS _aNEW DELHI _c2009 |
||
| 300 | _a1-158 | ||
| 650 | _aORAL PATHOLOGY | ||
| 942 |
_2ddc _cBK |
||
| 999 |
_c6899 _d6899 |
||